Normale Ansicht MARC-Ansicht ISBD

Frauen aus Frankreich im KZ Ravensbrück (1942-1945) (Titelsatznr. 74078)

[ MARC ]
MARC-Details
000 -Satzkennung
Kontrollfeld mit fester Länge 01026namaa2200301 cb4500
001 - Kontrollnummer
Kontrollfeld BV005305351
003 - Kontrollnummer Identifier
Kontrollfeld DE-70
005 - Datum und Zeit der letzten Transaktion
Kontrollfeld 20260416171415.0
006 - Datenelemente mit fester Länge - Weitere Materialmerkmale
Kontrollfeld mit fester Länge m|||| o||u| ||||||
007 - Feld mit fester Länge zur physischen Beschreibung - Allgemeine Information
Kontrollfeld mit fester Länge tu
007 - Feld mit fester Länge zur physischen Beschreibung - Allgemeine Information
Kontrollfeld mit fester Länge 7
008 - Feld mit fester Länge zur physischen Beschreibung - Allgemeine Angaben
Kontrollfeld mit fester Länge 920527s1980 a||| |||| 00||| und d
020 ## - Internationale Standardbuchnummer
Internationale Standardbuchnummer 9783748959885
Verknüpfung 978-3-7489-5988-5
024 ## - Anderer Standardidentifier
Standardnummer oder Code 9783748959885
-- 978-3-7489-5988-5
040 ## - Katalogisierungsquelle
Übertragungsstelle RU-10907106
041 ## - Sprachcode
Sprachcode des Textes/der Tonspur oder des separaten Titels ger
100 ## - Haupteintragung - Personenname
Personenname Gilzmer, Mechthild (Hrsg.); Sprute, Hannah (Hrsg.)
Funktionsbezeichnungscode aut
Koha-Normdatenidentnummer 69050
245 ## - Titel
Titel Frauen aus Frankreich im KZ Ravensbrück (1942-1945)
Zusatz zum Titel Deutsch-französische Forschungsperspektiven
264 ## - Produktion, Veröffentlichung, Distribution, Herstellung und Urheberrechtsvermerk
Herstellungs-, Veröffentlichungs- Vertriebs-, Erzeugungsort Berlin
Produzent, Herausgeber, Distributor, Hersteller Metropol Verlag
Datum der Herstellung, der Veröffentlichung, des Vertriebs oder des Urheberschutzvermerks 2023
300 ## - Physische Beschreibung
Umfang 356 Seiten
336 ## - Inhaltstyp
Quelle rdacontent
Inhaltstypterm Text
Inhaltstypcode txt
337 ## - Medientyp
Quelle rdamedia
Bezeichnung des Medientyps Computermedien
Medientypcode bc
338 ## - Datenträgertyp
Quelle rdacarrier
Datenträgertypbezeichnung Online Ressource
Datenträgertypcode cr
490 0# - Gesamttitelangabe
Gesamttitelangabe Reihe Forschungsbeiträge und Materialien der Stiftung Brandenburgische Gedenkstätten
Bandnummer/Folgebezeichnung 33
500 ## - Allgemeine Fußnote
Allgemeine Fußnote E-Book / Zugriff nur im Lesesaal
856 ## - Elektronische Adresse und Zugriff
OPAC-Notiz Volltext
URL <a href="https://doi.org/10.5771/9783748959885">https://doi.org/10.5771/9783748959885</a>
942 ## - Zusätzliche Felder (Koha)
Koha-Medientyp E-Books
Klassifikation oder Aufstellungssystematik Andere/Generische Klassifikation
Exemplare
Ausgeschieden Verloren Klassifikation oder Aufstellungssystematik Beschädigt Nicht entleihbar Heimatbibliothek Aufenthaltsbibliothek Aufstellungsort Erwerbungsdatum Inventarnummer Signatur Barcode Letzte Aktivität Preis gültig von Koha-Medientyp
    Andere/Generische Klassifikation     MWN Osteuropa MWN Osteuropa Online-Ressource 16/04/2026 26-e00318 E-26-e00318 77015 16/04/2026 16/04/2026 E-Books